Nghiên cứu tách Silic Đioxit từ vỏ trấu và ứng dụng làm chất hấp thụ một số hợp chất hữu cơ
Tổng quan. Nguyên liệu và phương pháp nghiên cứu. Kết quả và bàn luận
Đã lưu trong:
| 主要作者: | |
|---|---|
| 其他作者: | |
| 格式: | 图书 |
| 语言: | Vietnamese |
| 出版: |
Đà Nẵng
Đại học Đà Nẵng
2011
|
| 主题: | |
| 标签: |
添加标签
没有标签, 成为第一个标记此记录!
|
| Thư viện lưu trữ: | Mạng thư viện Đại học Đà Nẵng |
|---|
| LEADER | 01473nam a2200373 4500 | ||
|---|---|---|---|
| 001 | 000011772 | ||
| 003 | 8043 | ||
| 005 | 20120209160235.0 | ||
| 008 | 120209s2011 viesd | ||
| 041 | |a vie | ||
| 072 | |a Luận văn Thạc sĩ khoa học | ||
| 082 | |a 547 |b NG-B | ||
| 100 | |a Nguyễn, Văn Bỉnh |e Tác giả | ||
| 245 | |a Nghiên cứu tách Silic Đioxit từ vỏ trấu và ứng dụng làm chất hấp thụ một số hợp chất hữu cơ |c Nguyễn Văn Bỉnh | ||
| 260 | |a Đà Nẵng |b Đại học Đà Nẵng |c 2011 | ||
| 300 | |a 72 tr. |c 29 cm |e CD. Tóm tắt | ||
| 500 | |a Luận văn Thạc sĩ khoa học. Chuyên ngành: Hóa hữu cơ. Mã số: 60 44 27 | ||
| 520 | |a Tổng quan. Nguyên liệu và phương pháp nghiên cứu. Kết quả và bàn luận | ||
| 653 | |a Vỏ trấu | ||
| 653 | |a Silic Đioxit | ||
| 653 | |a Metylen xanh | ||
| 653 | |a Hấp thụ | ||
| 653 | |a Phương pháp hóa lý | ||
| 700 | |a Lê Tự Hải |c PGS.TS |e Hướng dẫn | ||
| OWN | |a LSP | ||
| AVA | |a UDN50 |b LSP |d 547 NG-B |e available |t Error 5001 Not defined in file expand_doc_bib_avail. |f 1 |g 0 |h N |i 0 |k 1 | ||
| 999 | |a From the UDN01 | ||
| AVA | |a UDN50 |b LSP |d 547 NG-B |e available |t Error 5001 Not defined in file expand_doc_bib_avail. |f 1 |g 0 |h N |i 0 |k 1 | ||
| TYP | |a Monograph | ||
| TYP | |a Printed language | ||
| 980 | |a Mạng thư viện Đại học Đà Nẵng | ||